| 000 | 00419nam a2200169Ia 4500 | ||
|---|---|---|---|
| 003 | LK-CoDNM | ||
| 008 | 010623t1964 xxu||||| |||| 00| 1 eng d | ||
| 040 |
_aLK-CoDNM _dLK-CoDNM _eLK-CoDNM |
||
| 041 | _aeng | ||
| 080 |
_a82.2 _bCHE |
||
| 100 | _aChekhor,Anton. | ||
| 245 | _aThe Major Plays | ||
| 260 |
_bThe New American Library _aNewyork _c1964 |
||
| 300 | _b380p., 10 cm | ||
| 650 | _aShort Stories | ||
| 942 | _cBK | ||
| 999 |
_c106552 _d106552 |
||